[Event "Play for Durgesh Fundraiser Blitz"]
[Site "Vishy Anand Arena"]
[Date "2020.09.19"]
[Round "3"]
[White "Shashank N D"]
[Black "Tusharsawant91"]
[Result "0-1"]
[WhiteElo "1351"]
[BlackElo "1620"]
[Annotator "NA"]
[PlyCount "124"]
[EventDate "2020.09.19"]
[EventType "swiss (blitz)"]

1. e4 e5 2. d4 exd4 3. Qxd4 Nc6 4. Qa4 Nf6 5. Nc3 Be7 6. Bg5 O-O 7. Nf3 h6 8. Bxf6 Bxf6 9. Bb5 a6 10. Bxc6 dxc6 11. Qb3 Rb8 12. O-O Be6 13. Qa4 Qe7 14. a3 Rfd8 15. Qb4 a5 16. Qxe7 Bxe7 17. Rad1 b6 18. Rxd8+ Rxd8 19. b4 axb4 20. axb4 Bxb4 21. Ne2 Bg4 22. Ng3 Bxf3 23. gxf3 Rd2 24. c4 b5 25. cxb5 cxb5 26. Rc1 c5 27. Kf1 Rd8 28. Ke2 Rd2+ 29. Kf1 Ra2 30. Ne2 Ra8 31. Rb1 Rd8 32. Nd4 Rxd4 33. Ke2 Rd8 34. Ke3 Kf8 35. Rb2 Rb8 36. Rb3 Ba5 37. Rb2 c4 38. Rc2 Bb6+ 39. Kd2 Rd8+ 40. Kc1 Bd4 41. Kb1 Bf6 42. Kc1 c3 43. Kb1 b4 44. Kc1 b3 45. Re2 b2+ 46. Kc2 Rd2+ 47. Rxd2 cxd2 48. Kxd2 b1=Q 49. Ke3 Qb3+ 50. Kf4 Qe6 51. Kg3 g5 52. Kg2 Qe5 53. Kf1 Qxh2 54. Ke2 Qf4 55. Kd3 Qxf3+ 56. Kc4 Qxf2 57. Kd5 g4 58. Kc6 g3 59. Kd7 g2 60. Kc7 g1=Q 61. Kc6 Qc2+ 62. Kd6 Qgd1# 0-1

[Event "Play for Durgesh Fundraiser Blitz"]
[Site "Vishy Anand Arena"]
[Date "2020.09.19"]
[Round "3"]
[White "VenkChess"]
[Black "Yashteotiachess"]
[Result "1-0"]
[WhiteElo "1341"]
[BlackElo "1620"]
[Annotator "NA"]
[PlyCount "29"]
[EventDate "2020.09.19"]
[EventType "swiss (blitz)"]

1. d4 d5 2. c4 dxc4 3. e4 Nh6 4. Bxc4 Nc6 5. Bxh6 gxh6 6. Nf3 Bg4 7. O-O Bxf3 8. Qxf3 Nxd4 9. Qxf7+ Kd7 10. Rd1 Kc8 11. Be6+ Kb8 12. Na3 c5 13. Nb5 Qb6 14. Qe8+ Qd8 15. Qxd8# 1-0

[Event "Play for Durgesh Fundraiser Blitz"]
[Site "Vishy Anand Arena"]
[Date "2020.09.19"]
[Round "3"]
[White "Iameture123"]
[Black "Adithya s"]
[Result "0-1"]
[WhiteElo "1335"]
[BlackElo "1358"]
[Annotator "NA"]
[PlyCount "52"]
[EventDate "2020.09.19"]
[EventType "swiss (blitz)"]

1. e4 e5 2. Nc3 Nc6 3. Bc4 Nf6 4. Nf3 Bc5 5. O-O O-O 6. b3 d6 7. Bb2 Re8 8. Re1 Bg4 9. h3 Bh5 10. g4 Bg6 11. Ng5 h6 12. Bxf7+ Bxf7 13. Nxf7 Kxf7 14. Qf3 Kg8 15. Nd5 Rf8 16. Nxf6+ Rxf6 17. Qg3 Bxf2+ 18. Kh2 Bxg3+ 19. Kxg3 Qf8 20. d4 Rf2 21. dxe5 Qf3+ 22. Kh4 g5+ 23. Kh5 Qf7+ 24. Kxh6 Qg7+ 25. Kh5 Kh7 26. exd6 Qg6# 0-1

[Event "Play for Durgesh Fundraiser Blitz"]
[Site "Vishy Anand Arena"]
[Date "2020.09.19"]
[Round "3"]
[White "Vhjoshi"]
[Black "Gskaavya"]
[Result "1-0"]
[WhiteElo "1334"]
[BlackElo "1620"]
[Annotator "NA"]
[PlyCount "61"]
[EventDate "2020.09.19"]
[EventType "swiss (blitz)"]

1. d4 Nf6 2. c4 e6 3. Nc3 Bb4 4. e3 O-O 5. Bd3 Nc6 6. Nge2 b6 7. O-O Bb7 8. Qc2 h6 9. a3 Be7 10. b4 d5 11. c5 bxc5 12. bxc5 Rb8 13. Bd2 Re8 14. Rab1 Ba8 15. Nf4 Qd7 16. Nce2 e5 17. Nh3 e4 18. Ba6 Bf8 19. Nef4 Ne7 20. f3 exf3 21. Rxf3 Ne4 22. Rxb8 Rxb8 23. Ba5 Bb7 24. Bxb7 Rxb7 25. Bb4 Nc6 26. Qa4 Nb8 27. Qxd7 Nxd7 28. Nf2 Ndf6 29. Nxe4 Nxe4 30. Nxd5 c6 31. Nf4 1-0

[Event "Play for Durgesh Fundraiser Blitz"]
[Site "Vishy Anand Arena"]
[Date "2020.09.19"]
[Round "3"]
[White "Palakchaurasia"]
[Black "Dhruvika"]
[Result "1-0"]
[WhiteElo "1329"]
[BlackElo "1620"]
[Annotator "NA"]
[PlyCount "43"]
[EventDate "2020.09.19"]
[EventType "swiss (blitz)"]

1. e4 e5 2. Nf3 Nf6 3. Nc3 Nc6 4. Bb5 Bb4 5. d3 O-O 6. Bxc6 dxc6 7. Nxe5 b6 8. Bd2 Bd7 9. Nf3 Qe8 10. Qe2 Qb8 11. O-O Qb7 12. a3 a6 13. axb4 c5 14. bxc5 bxc5 15. Ra5 c6 16. Rxc5 Be6 17. b3 Qb6 18. Rc4 Bxc4 19. dxc4 Nd7 20. Na4 Qc7 21. Qe1 Qc8 22. Bb4 1-0

[Event "Play for Durgesh Fundraiser Blitz"]
[Site "Vishy Anand Arena"]
[Date "2020.09.19"]
[Round "3"]
[White "Boonrook"]
[Black "Nikhildixit98"]
[Result "0-1"]
[WhiteElo "1320"]
[BlackElo "2173"]
[Annotator "NA"]
[PlyCount "74"]
[EventDate "2020.09.19"]
[EventType "swiss (blitz)"]

1. e4 g6 2. Nf3 Bg7 3. d4 d6 4. h3 Nf6 5. Bd3 O-O 6. c3 Nc6 7. O-O e5 8. d5 Ne7 9. Bg5 Nh5 10. Bxe7 Qxe7 11. Nbd2 Nf4 12. Nc4 f5 13. exf5 e4 14. Re1 gxf5 15. Bf1 Qf6 16. Nd4 Nxd5 17. Ne3 Nxe3 18. Rxe3 d5 19. Rg3 f4 20. Rxg7+ Qxg7 21. c4 c5 22. Nc2 d4 23. f3 e3 24. Qd3 Bf5 25. Qd1 Bxh3 26. Kh1 Bf5 27. Bd3 Bxd3 28. Qxd3 Qg6 29. Qxg6+ hxg6 30. Rd1 g5 31. Kh2 Kg7 32. b4 Rh8+ 33. Kg1 b6 34. bxc5 bxc5 35. Kf1 Rh1+ 36. Ke2 Rxd1 37. Kxd1 d3 0-1

[Event "Play for Durgesh Fundraiser Blitz"]
[Site "Vishy Anand Arena"]
[Date "2020.09.19"]
[Round "3"]
[White "Shreyash karkare"]
[Black "Shreesuday"]
[Result "0-1"]
[WhiteElo "1315"]
[BlackElo "1620"]
[Annotator "NA"]
[PlyCount "42"]
[EventDate "2020.09.19"]
[EventType "swiss (blitz)"]

1. e4 e5 2. Nf3 Nc6 3. Bb5 Nf6 4. O-O a6 5. Ba4 b5 6. Bb3 d6 7. c3 Be7 8. d4 O-O 9. Bc2 Bg4 10. Nbd2 exd4 11. cxd4 Nxd4 12. h3 Nxf3+ 13. Nxf3 Bxf3 14. Qxf3 Qd7 15. e5 dxe5 16. Rd1 Qe6 17. Bf5 Qc4 18. Be3 Rfd8 19. Rac1 Rxd1+ 20. Qxd1 Qd5 21. Qg4 Nxg4 0-1

[Event "Play for Durgesh Fundraiser Blitz"]
[Site "Vishy Anand Arena"]
[Date "2020.09.19"]
[Round "3"]
[White "Sidhurajesh"]
[Black "Kaspypran"]
[Result "0-1"]
[WhiteElo "1313"]
[BlackElo "1902"]
[Annotator "NA"]
[PlyCount "116"]
[EventDate "2020.09.19"]
[EventType "swiss (blitz)"]

1. e4 Nf6 2. e5 Nd5 3. d4 d6 4. c4 Nb6 5. f4 dxe5 6. fxe5 Nc6 7. Nf3 Bg4 8. Be3 e6 9. Nc3 Qd7 10. d5 exd5 11. cxd5 Bxf3 12. Qxf3 Nxe5 13. Qe4 Qe7 14. Bd4 f6 15. Bb5+ c6 16. dxc6 Nxc6 17. Qxe7+ Bxe7 18. Bxb6 axb6 19. O-O Bc5+ 20. Kh1 O-O 21. Nd5 Rfd8 22. Bc4 Kh8 23. Nc7 Rac8 24. Nb5 Ne5 25. Bb3 Bf8 26. Nc3 Rd2 27. Rab1 Rcd8 28. Rfd1 Ng4 29. Rxd2 Rxd2 30. h3 Nf2+ 31. Kg1 Bc5 32. Kf1 Nd3 33. Ne2 Rxb2 34. Rxb2 Nxb2 35. Nc3 Nd3 36. Ke2 Nc1+ 37. Kd2 Nxb3+ 38. axb3 Kg8 39. Kd1 Kf7 40. Kd2 Ke6 41. Kd3 Ke5 42. Nb5 f5 43. Nc7 g5 44. Ke2 h5 45. Nb5 h4 46. Nc3 Kd4 47. Kf3 Kxc3 48. Ke2 Kxb3 49. Kd3 g4 50. hxg4 fxg4 51. g3 h3 52. Ke4 h2 53. Kf4 h1=Q 54. Kxg4 Bd6 55. Kg5 Qh3 56. g4 Qg3 57. Kh5 Bf4 58. g5 Qxg5# 0-1

[Event "Play for Durgesh Fundraiser Blitz"]
[Site "Vishy Anand Arena"]
[Date "2020.09.19"]
[Round "3"]
[White "Aryaman_tickoo"]
[Black "Shaarav heda"]
[Result "1-0"]
[WhiteElo "1299"]
[BlackElo "1620"]
[Annotator "NA"]
[PlyCount "43"]
[EventDate "2020.09.19"]
[EventType "swiss (blitz)"]

1. e4 e5 2. Nf3 Nf6 3. Nxe5 Bd6 4. Nf3 Nc6 5. d3 O-O 6. Nc3 Qe7 7. Be2 h6 8. O-O Bc5 9. a3 d6 10. b4 Bxf2+ 11. Rxf2 Ng4 12. Rf1 Qf6 13. Nd5 Qxa1 14. Nxc7 Nf2 15. Rxf2 Bg4 16. Nxa8 Rxa8 17. h3 Bxf3 18. Rxf3 Nd4 19. Rf1 Nxe2+ 20. Qxe2 Qd4+ 21. Be3 Qd5 22. exd5 1-0

[Event "Play for Durgesh Fundraiser Blitz"]
[Site "Vishy Anand Arena"]
[Date "2020.09.19"]
[Round "3"]
[White "Nithin2107"]
[Black "Ahaanmehta"]
[Result "0-1"]
[WhiteElo "1299"]
[BlackElo "1620"]
[Annotator "NA"]
[PlyCount "52"]
[EventDate "2020.09.19"]
[EventType "swiss (blitz)"]

1. e4 e5 2. Nf3 Nc6 3. Bc4 Bc5 4. c3 Nf6 5. d4 exd4 6. cxd4 Bb4+ 7. Nc3 d5 8. exd5 Nxd5 9. Qe2+ Be6 10. Bxd5 Bxc3+ 11. bxc3 Qxd5 12. O-O Qd7 13. Ng5 O-O 14. Nxe6 fxe6 15. Re1 Rae8 16. Ba3 Rf6 17. Rab1 b6 18. Rbd1 Qf7 19. d5 Nd8 20. dxe6 Nxe6 21. Rd2 c5 22. Rd6 Nc7 23. Qxe8+ Nxe8 24. Rd8 Re6 25. Rxe8+ Rxe8 26. Rxe8+ Qxe8 0-1

[Event "Play for Durgesh Fundraiser Blitz"]
[Site "Vishy Anand Arena"]
[Date "2020.09.19"]
[Round "3"]
[White "Conqueror007"]
[Black "SR1211"]
[Result "0-1"]
[WhiteElo "1288"]
[BlackElo "1905"]
[Annotator "NA"]
[PlyCount "60"]
[EventDate "2020.09.19"]
[EventType "swiss (blitz)"]

1. d4 Nf6 2. c4 e6 3. Nc3 Bb4 4. Nf3 O-O 5. Bg5 h6 6. Bh4 d5 7. cxd5 exd5 8. e3 Nc6 9. Bd3 Bg4 10. O-O Be7 11. h3 Bh5 12. Ne2 Bxf3 13. gxf3 Nd7 14. Bxe7 Qxe7 15. Kh2 Qd6+ 16. f4 Nf6 17. Ng3 a6 18. Nf5 Qd7 19. Rg1 g6 20. Nxh6+ Kg7 21. Nf5+ Kh7 22. Nh4 Ne7 23. f3 Rh8 24. e4 dxe4 25. fxe4 Kg8 26. e5 Rxh4 27. Qf3 Nh7 28. f5 Qxd4 29. fxg6 fxg6 30. Bxg6 Qf4+ 0-1

[Event "Play for Durgesh Fundraiser Blitz"]
[Site "Vishy Anand Arena"]
[Date "2020.09.19"]
[Round "3"]
[White "Prateek_thakur"]
[Black "Thewinner64"]
[Result "1-0"]
[WhiteElo "1281"]
[BlackElo "1329"]
[Annotator "NA"]
[PlyCount "55"]
[EventDate "2020.09.19"]
[EventType "swiss (blitz)"]

1. e4 c5 2. Nf3 g6 3. Bc4 Bg7 4. Nc3 Nc6 5. h4 d6 6. d3 Nf6 7. h5 e6 8. h6 Bf8 9. Bg5 Be7 10. Qd2 Bd7 11. O-O-O Qb6 12. Na4 Qc7 13. Kb1 Nb4 14. Nc3 a6 15. a3 Nc6 16. d4 cxd4 17. Nxd4 Nxd4 18. Qxd4 e5 19. Qe3 Qxc4 20. Nd5 Nxd5 21. exd5 Bxg5 22. Qxg5 Ba4 23. Rd2 Rc8 24. Rc1 Bb3 25. cxb3 Qxc1+ 26. Ka2 Rc2 27. Qf6 Qxd2 28. Qxh8+ 1-0

[Event "Play for Durgesh Fundraiser Blitz"]
[Site "Vishy Anand Arena"]
[Date "2020.09.19"]
[Round "3"]
[White "Ruhikansb"]
[Black "VedTheKnight"]
[Result "0-1"]
[WhiteElo "1281"]
[BlackElo "1776"]
[Annotator "NA"]
[PlyCount "120"]
[EventDate "2020.09.19"]
[EventType "swiss (blitz)"]

1. e4 c5 2. Nf3 g6 3. Nc3 Bg7 4. Bc4 d6 5. O-O Nf6 6. Bb5+ Bd7 7. Bxd7+ Qxd7 8. Nd5 Nc6 9. Nxf6+ Bxf6 10. Re1 Ne5 11. Nxe5 Bxe5 12. c3 O-O 13. d4 cxd4 14. cxd4 Bg7 15. e5 dxe5 16. dxe5 Qxd1 17. Rxd1 Bxe5 18. Re1 Bf6 19. Bd2 Rfd8 20. Bc3 Bxc3 21. bxc3 e6 22. Rad1 Rxd1 23. Rxd1 Rc8 24. h3 Rxc3 25. Rd7 Rc2 26. a4 Ra2 27. Rxb7 Rxa4 28. Kh2 Kg7 29. Rb3 a5 30. h4 h5 31. f3 Rxh4+ 32. Kg3 Ra4 33. Kf2 Kf6 34. Rb6 Kf5 35. Kg3 f6 36. Kh2 g5 37. Ra6 Rh4+ 38. Kg1 a4 39. g3 Rb4 40. Ra5+ Kg6 41. Kh2 g4 42. fxg4 hxg4 43. Ra6 Kf5 44. Kg2 e5 45. Kf2 Rb3 46. Ke2 a3 47. Kd2 Rxg3 48. Kc2 a2 49. Rxa2 Rg2+ 50. Kb3 Rxa2 51. Kxa2 g3 52. Kb2 g2 53. Kc2 g1=Q 54. Kd3 Qd4+ 55. Kc2 Qe3 56. Kb2 Ke4 57. Kb1 Qf2 58. Kc1 Kd3 59. Kb1 Kc3 60. Ka1 Qb2# 0-1

[Event "Play for Durgesh Fundraiser Blitz"]
[Site "Vishy Anand Arena"]
[Date "2020.09.19"]
[Round "3"]
[White "AshokJV"]
[Black "Manasa_chess lady"]
[Result "0-1"]
[WhiteElo "1230"]
[BlackElo "1704"]
[Annotator "NA"]
[PlyCount "28"]
[EventDate "2020.09.19"]
[EventType "swiss (blitz)"]

1. e4 e6 2. Nf3 d5 3. exd5 exd5 4. d3 Nf6 5. Be2 Bd6 6. Bg5 h6 7. Bxf6 Qxf6 8. Nc3 c6 9. Qd2 O-O 10. O-O Bf5 11. Rad1 Nd7 12. Rfe1 Rfe8 13. Bf1 Bg4 14. Be2 Bf4 0-1

[Event "Play for Durgesh Fundraiser Blitz"]
[Site "Vishy Anand Arena"]
[Date "2020.09.19"]
[Round "3"]
[White "RuchirNSB"]
[Black "MirageFafnir"]
[Result "0-1"]
[WhiteElo "1186"]
[BlackElo "1620"]
[Annotator "NA"]
[PlyCount "144"]
[EventDate "2020.09.19"]
[EventType "swiss (blitz)"]

1. e4 g6 2. d4 Bg7 3. Nf3 d6 4. Nc3 a6 5. Bc4 e6 6. e5 d5 7. Bb3 Ne7 8. O-O h6 9. Re1 Nd7 10. Be3 b5 11. a4 b4 12. Na2 a5 13. c3 bxc3 14. Nxc3 O-O 15. Qc2 Kh7 16. Ne2 Bb7 17. Ng3 Rc8 18. Nh5 Bh8 19. Ng3 c5 20. Qd2 Bg7 21. dxc5 Nxc5 22. Bxc5 Rxc5 23. Rac1 Rxc1 24. Rxc1 Qb6 25. Bc2 Rc8 26. Nh5 Bh8 27. Nf6+ Bxf6 28. exf6 Nc6 29. Nh4 Qb4 30. Qxb4 Nxb4 31. Bxg6+ fxg6 32. Rxc8 Bxc8 33. f7 Kg7 34. f8=Q+ Kxf8 35. Nxg6+ Kf7 36. Nf4 e5 37. Ne2 Ba6 38. Kf1 d4 39. Ke1 Nd3+ 40. Kd2 Nxb2 41. Ng3 Nxa4 42. Ne4 Nc3 43. Nxc3 dxc3+ 44. Kxc3 Ke6 45. Kd2 Kf5 46. Kc3 Bf1 47. g3 Kg4 48. Kb3 Bb5 49. h4 Kf3 50. h5 Kg4 51. f3+ Kxf3 52. Kc2 Kxg3 53. Kd2 Kg4 54. Kc3 Kxh5 55. Kb3 Kg5 56. Kb2 h5 57. Kc3 h4 58. Kd2 h3 59. Ke1 h2 60. Kf2 h1=Q 61. Ke3 a4 62. Kd2 a3 63. Kc3 a2 64. Kb2 Qb1+ 65. Kc3 a1=Q+ 66. Kd2 e4 67. Ke3 Qd3+ 68. Kf2 e3+ 69. Kf3 Qf6+ 70. Kg2 Qdf1+ 71. Kh2 Qh6+ 72. Kg3 Qh4# 0-1

[Event "Play for Durgesh Fundraiser Blitz"]
[Site "Vishy Anand Arena"]
[Date "2020.09.19"]
[Round "3"]
[White "RIJUD"]
[Black "Sanjith S"]
[Result "0-1"]
[WhiteElo "1123"]
[BlackElo "1441"]
[Annotator "NA"]
[PlyCount "96"]
[EventDate "2020.09.19"]
[EventType "swiss (blitz)"]

1. c4 Nf6 2. Nc3 e6 3. Nf3 d5 4. e3 Be7 5. d4 O-O 6. Be2 c6 7. O-O Nbd7 8. c5 Re8 9. b3 Bf8 10. Bb2 e5 11. dxe5 Nxe5 12. Nxe5 Rxe5 13. f4 Rxe3 14. Qd2 Bxc5 15. Kh1 Ne4 16. Nxe4 Rxe4 17. Be5 Qe7 18. Bf3 Rb4 19. Rab1 f6 20. a3 Rb6 21. b4 Bd6 22. Bxd6 Qxd6 23. g3 Bf5 24. Rb2 a5 25. bxa5 Rxb2 26. Qxb2 d4 27. Ra1 d3 28. Kg2 Qd7 29. Rd1 Rxa5 30. Qc3 Rb5 31. g4 Bg6 32. f5 Bf7 33. a4 Re5 34. Rxd3 Bd5 35. Bxd5+ Rxd5 36. Rxd5 Qxd5+ 37. Kg3 b5 38. axb5 Qxb5 39. Qe3 Qe5+ 40. Qxe5 fxe5 41. Kf3 Kf7 42. Ke4 Kf6 43. h3 c5 44. Kd5 c4 45. Kxc4 Kg5 46. Kd5 Kf4 47. Ke6 e4 48. Kd5 e3 0-1

[Event "Play for Durgesh Fundraiser Blitz"]
[Site "Vishy Anand Arena"]
[Date "2020.09.19"]
[Round "3"]
[White "Ishaan31"]
[Black "Onkar Charpilwar"]
[Result "1-0"]
[WhiteElo "1110"]
[BlackElo "1308"]
[Annotator "NA"]
[PlyCount "57"]
[EventDate "2020.09.19"]
[EventType "swiss (blitz)"]

1. e4 c5 2. Nf3 d6 3. Bb5+ Nd7 4. Nc3 a6 5. Bxd7+ Bxd7 6. Nd5 Nf6 7. Nxf6+ exf6 8. Qe2 Be7 9. O-O O-O 10. d3 Qb6 11. Be3 Qxb2 12. Rab1 Qe5 13. Rxb7 Bb5 14. Nxe5 dxe5 15. Rxe7 Rfe8 16. Rxe8+ Rxe8 17. c4 Bc6 18. Qg4 Rb8 19. h4 g6 20. h5 g5 21. f4 exf4 22. Bxc5 h6 23. Qf5 Rd8 24. Qxf6 Be8 25. Qxh6 Rxd3 26. Qf8+ Kh7 27. Qxe8 Rc3 28. Qxf7+ Kh6 29. Bf8# 1-0

[Event "Play for Durgesh Fundraiser Blitz"]
[Site "Vishy Anand Arena"]
[Date "2020.09.19"]
[Round "3"]
[White "SudiNarayana"]
[Black "Chess98c"]
[Result "0-1"]
[WhiteElo "1076"]
[BlackElo "1557"]
[Annotator "NA"]
[PlyCount "46"]
[EventDate "2020.09.19"]
[EventType "swiss (blitz)"]

1. e4 e5 2. Nf3 Nc6 3. Bc4 Nf6 4. Nc3 Be7 5. d3 O-O 6. Be3 d6 7. O-O Na5 8. Bxf7+ Rxf7 9. Qe2 Ng4 10. h3 Nxe3 11. Qxe3 Be6 12. b4 Nc6 13. b5 Nb4 14. a4 Nxc2 15. Qc1 Nxa1 16. Qxa1 Bxh3 17. gxh3 Rxf3 18. h4 Bxh4 19. Kg2 Qf6 20. Qe1 Rf8 21. Nd1 Qg5+ 22. Kh2 Qh5 23. Kg2 Bg3 0-1

[Event "Play for Durgesh Fundraiser Blitz"]
[Site "Vishy Anand Arena"]
[Date "2020.09.19"]
[Round "4"]
[White "Babysnake"]
[Black "Ilamparthi"]
[Result "1-0"]
[WhiteElo "2535"]
[BlackElo "2154"]
[PlyCount "87"]
[EventDate "2020.09.19"]
[EventType "swiss (blitz)"]

1. d4 Nf6 2. Nf3 g6 3. g3 Bg7 4. Bg2 O-O 5. O-O d6 6. c4 Nbd7 7. Nc3 e5 8. h3 Re8 9. e4 exd4 10. Nxd4 c6 11. Be3 Nc5 12. Qc2 a5 13. Rad1 Qc7 14. Ndb5 cxb5 15. Nxb5 Qe7 16. Nxd6 Ne6 17. Nxe8 Nxe8 18. f4 Nc5 19. Rfe1 Bd7 20. Qf2 Rc8 21. Kh2 b6 22. e5 Be6 23. Bd5 Nc7 24. Qg2 h5 25. b3 Bf5 26. Bf3 Rd8 27. Rxd8+ Qxd8 28. Rd1 Qe7 29. Rd6 Nd3 30. Qd2 Nxe5 31. fxe5 Bxe5 32. Rd8+ Kh7 33. Bg5 f6 34. Bf4 Bc3 35. Qd6 Qxd6 36. Bxd6 Ne6 37. Rb8 Bd4 38. Bd5 Ng5 39. h4 Ne4 40. Rb7+ Kh8 41. Bf8 Nf2 42. Bg7+ Kh7 43. Bxf6+ Kh6 44. Bg5# 1-0

[Event "Play for Durgesh Fundraiser Blitz"]
[Site "Vishy Anand Arena"]
[Date "2020.09.19"]
[Round "4"]
[White "Rasulov Vugar"]
[Black "Swayham"]
[Result "1-0"]
[WhiteElo "2503"]
[BlackElo "2045"]
[Annotator "RC"]
[PlyCount "77"]
[EventDate "2020.09.19"]
[EventType "swiss (blitz)"]

1. e4 c5 2. Nf3 d6 3. d4 cxd4 4. Nxd4 Nf6 5. Nc3 a6 6. Be3 e5 7. Nb3 Be6 8. f3 Be7 9. Qd2 h5 10. Nd5 Bxd5 11. exd5 Nbd7 12. Na5 Qc7 13. c4 Rc8 14. Be2 e4 15. O-O exf3 16. gxf3 O-O 17. Kh1 Ne5 18. Rg1 Kh7 19. Rac1 g6 20. b4 Nfd7 21. Nb3 b6 22. Nd4 Bf6 23. h3 Rfe8 24. f4 Nf8 25. fxe5 Bxe5 26. Nf3 Qd7 27. Ng5+ Kg7 28. Bxh5 Qf5 29. Rcf1 Qd7 30. Rxf7+ Qxf7 31. Nxf7 Kxf7 32. Bg4 Rc7 33. c5 bxc5 34. bxc5 dxc5 35. d6 Ra7 36. Qd5+ Kg7 37. d7 Nxd7 38. Bxd7 Re7 39. Bf5 1-0

[Event "Play for Durgesh Fundraiser Blitz"]
[Site "Vishy Anand Arena"]
[Date "2020.09.19"]
[Round "4"]
[White "Terryr"]
[Black "Toosieslide"]
[Result "1-0"]
[WhiteElo "2469"]
[BlackElo "2036"]
[PlyCount "63"]
[EventDate "2020.09.19"]
[EventType "swiss (blitz)"]

1. e4 e5 2. Nf3 Nc6 3. c3 d5 4. Qa4 dxe4 5. Nxe5 Qd5 6. Nxc6 bxc6 7. Bc4 Qd6 8. d3 Nf6 9. dxe4 Be7 10. Nd2 O-O 11. O-O Bd7 12. Re1 Qe5 13. Be2 c5 14. Qc2 Bd6 15. g3 Ng4 16. Nf3 Qh5 17. Nh4 g5 18. Nf3 Rae8 19. Bxg5 Nxh2 20. Nxh2 Qxg5 21. Bf1 Bc6 22. Bg2 Qg6 23. Re2 Re7 24. Rae1 Rfe8 25. Qd3 Qe6 26. b3 c4 27. bxc4 Bc5 28. Qf3 Qxc4 29. Ng4 Kh8 30. Qf6+ Kg8 31. Nh6+ Kf8 32. Qh8# 1-0

[Event "Play for Durgesh Fundraiser Blitz"]
[Site "Vishy Anand Arena"]
[Date "2020.09.19"]
[Round "4"]
[White "LAXMAN"]
[Black "Aditya_dpawn"]
[Result "1-0"]
[WhiteElo "2432"]
[BlackElo "2026"]
[PlyCount "79"]
[EventDate "2020.09.19"]
[EventType "swiss (blitz)"]

1. d4 Nf6 2. Nf3 e6 3. c4 d5 4. g3 c6 5. Qc2 Be7 6. Bg2 O-O 7. O-O Ne4 8. Nc3 f5 9. Rb1 Nd7 10. b4 Ndf6 11. Ne5 Bd7 12. f3 Nxc3 13. Qxc3 Be8 14. a4 Bd6 15. Bf4 Nh5 16. Bd2 Bxe5 17. dxe5 d4 18. Qd3 f4 19. g4 Bg6 20. Qb3 Bxb1 21. Rxb1 Ng3 22. hxg3 fxg3 23. Be1 Qh4 24. c5 Rae8 25. Qd3 Rd8 26. b5 Qh2+ 27. Kf1 Rf4 28. bxc6 bxc6 29. Rb7 Rdf8 30. Qb3 Kh8 31. Rb8 h5 32. Rxf8+ Rxf8 33. gxh5 Qxh5 34. Qxe6 Re8 35. Qxc6 Qxe5 36. Qe4 Qb8 37. Qxd4 Rd8 38. Qh4+ Kg8 39. Qxg3 Qb4 40. Bxb4 1-0

[Event "Play for Durgesh Fundraiser Blitz"]
[Site "Vishy Anand Arena"]
[Date "2020.09.19"]
[Round "4"]
[White "STRANGE"]
[Black "Vinniethepooh"]
[Result "1-0"]
[WhiteElo "2412"]
[BlackElo "2196"]
[PlyCount "79"]
[EventDate "2020.09.19"]
[EventType "swiss (blitz)"]

1. Nf3 d5 2. d4 c6 3. Bf4 Nf6 4. e3 g6 5. c4 Bg7 6. Nc3 O-O 7. h3 a6 8. Rc1 dxc4 9. Bxc4 b5 10. Bd3 Bb7 11. O-O Nbd7 12. Ne4 Nxe4 13. Bxe4 Qb6 14. Qc2 Rac8 15. b4 Nf6 16. Ne5 Nxe4 17. Qxe4 Rfd8 18. Rc5 e6 19. Rfc1 Bf8 20. Bg5 Rd5 21. Qf4 f5 22. Nd7 Rxd7 23. Qe5 Bxc5 24. Qxe6+ Rf7 25. Rxc5 Qc7 26. Bf4 Qd7 27. Qb3 Re8 28. a4 Qe6 29. Qc2 Qe4 30. Qb3 Qe6 31. Qc2 Qe4 32. Qb3 Bc8 33. f3 Qe6 34. Qc2 h5 35. Rxc6 Qd7 36. Rxg6+ Kh7 37. Rd6 Qb7 38. a5 Rg8 39. Kh2 Rfg7 40. Rh6# 1-0

[Event "Play for Durgesh Fundraiser Blitz"]
[Site "Vishy Anand Arena"]
[Date "2020.09.19"]
[Round "4"]
[White "IndianKing97"]
[Black "Skkeyan"]
[Result "1-0"]
[WhiteElo "2385"]
[BlackElo "2194"]
[Annotator "NA"]
[PlyCount "99"]
[EventDate "2020.09.19"]
[EventType "swiss (blitz)"]

1. c4 c6 2. Nf3 d5 3. g3 Nf6 4. Bg2 g6 5. b3 Bg7 6. Bb2 O-O 7. O-O b6 8. d3 Bb7 9. Nbd2 c5 10. cxd5 Bxd5 11. a3 Nbd7 12. b4 Re8 13. e4 Bb7 14. Qb3 e6 15. Nc4 Qc7 16. Rac1 Rad8 17. e5 Nd5 18. Nd6 Rf8 19. Nxb7 Qxb7 20. bxc5 Rc8 21. d4 Rc7 22. cxb6 Rxc1 23. Rxc1 Qxb6 24. Qxb6 N7xb6 25. Rc6 Rb8 26. Bc1 Bf8 27. h4 h5 28. Ng5 Rc8 29. Rxc8 Nxc8 30. Bxd5 exd5 31. e6 f6 32. Nf7 Be7 33. a4 Nb6 34. a5 Nc4 35. a6 Kf8 36. Bh6+ Ke8 37. Bf4 Na5 38. Nd6+ Kf8 39. Nb5 Nc6 40. Bc7 Bb4 41. Bf4 Ke7 42. Nc7 Bc3 43. Nxd5+ Kxe6 44. Nxc3 Nxd4 45. Be3 Nc6 46. Nb5 Nb4 47. Nxa7 Nxa6 48. Nb5 Kf5 49. Nd4+ Kg4 50. Kg2 1-0

[Event "Play for Durgesh Fundraiser Blitz"]
[Site "Vishy Anand Arena"]
[Date "2020.09.19"]
[Round "4"]
[White "Samudragupta"]
[Black "Legacyplayer"]
[Result "1-0"]
[WhiteElo "2375"]
[BlackElo "1974"]
[PlyCount "33"]
[EventDate "2020.09.19"]
[EventType "swiss (blitz)"]

1. d4 d5 2. Bf4 Nf6 3. e3 c5 4. Nf3 Nc6 5. Nbd2 Qb6 6. dxc5 Qxb2 7. Rb1 Qc3 8. Bb5 Qxc5 9. c4 e6 10. O-O Be7 11. Nb3 Qb6 12. Nbd4 Qxb5 13. cxb5 Nxd4 14. exd4 Bd7 15. Ne5 Rd8 16. Nxd7 Nxd7 17. Rc1 1-0

[Event "Play for Durgesh Fundraiser Blitz"]
[Site "Vishy Anand Arena"]
[Date "2020.09.19"]
[Round "4"]
[White "Aradhya"]
[Black "Boobyfisher"]
[Result "0-1"]
[WhiteElo "2368"]
[BlackElo "2261"]
[PlyCount "106"]
[EventDate "2020.09.19"]
[EventType "swiss (blitz)"]

1. d4 Nf6 2. c4 c6 3. Bf4 d5 4. e3 Bf5 5. Nc3 e6 6. Qb3 Qb6 7. c5 Qxb3 8. axb3 Nbd7 9. b4 Nh5 10. Bd6 Bxd6 11. cxd6 b5 12. Nf3 Nhf6 13. Ne5 Nxe5 14. dxe5 Nd7 15. f4 f6 16. Nxb5 cxb5 17. Bxb5 fxe5 18. fxe5 Rb8 19. Bxd7+ Kxd7 20. Rxa7+ Kc6 21. Rc7+ Kb5 22. O-O Rhc8 23. Rxg7 Rc2 24. Rc7 Rxc7 25. dxc7 Rc8 26. Rc1 Kb6 27. Kf2 Rxc7 28. Rxc7 Kxc7 29. Kf3 Kb6 30. Kf4 Kb5 31. g4 Be4 32. Kg5 Bf3 33. Kf4 Be4 34. Kg5 Bf3 35. Kf4 Be2 36. e4 d4 37. h4 Kxb4 38. h5 Kb3 39. h6 Kxb2 40. g5 Bh5 41. Kg3 Bg6 42. Kf2 d3 43. Ke3 Kc2 44. Kd4 d2 45. Kc5 d1=Q 46. Kc6 Kc3 47. Kc7 Kc4 48. Kc6 Qd3 49. Kc7 Kc5 50. Kb7 Qd7+ 51. Ka6 Qb5+ 52. Ka7 Kc6 53. Ka8 Qb7# 0-1

[Event "Play for Durgesh Fundraiser Blitz"]
[Site "Vishy Anand Arena"]
[Date "2020.09.19"]
[Round "4"]
[White "VugarAsadli"]
[Black "Khs95"]
[Result "1-0"]
[WhiteElo "2245"]
[BlackElo "1654"]
[Annotator "NA"]
[PlyCount "53"]
[EventDate "2020.09.19"]
[EventType "swiss (blitz)"]

1. e4 c6 2. Nf3 g6 3. c4 Bg7 4. Nc3 d6 5. d4 Nf6 6. Be2 O-O 7. O-O Re8 8. e5 dxe5 9. Nxe5 Nbd7 10. Bf4 Qb6 11. Qd2 c5 12. Be3 cxd4 13. Bxd4 Qe6 14. f4 b6 15. Bf3 Rb8 16. Nc6 Qxc4 17. Nxb8 Nxb8 18. Rae1 Rd8 19. Rd1 Ng4 20. Nd5 Bxd4+ 21. Qxd4 Qxd4+ 22. Rxd4 Kf8 23. Rfd1 Nc6 24. R4d2 Nh6 25. Nc3 Rxd2 26. Rxd2 Bb7 27. Rd7 1-0

[Event "Play for Durgesh Fundraiser Blitz"]
[Site "Vishy Anand Arena"]
[Date "2020.09.19"]
[Round "4"]
[White "KananGarayev"]
[Black "Kaustuv Kundu"]
[Result "1-0"]
[WhiteElo "2243"]
[BlackElo "2208"]
[PlyCount "79"]
[EventDate "2020.09.19"]
[EventType "swiss (blitz)"]

1. c4 g6 2. d4 Bg7 3. Nc3 Nf6 4. e4 d6 5. f4 O-O 6. Nf3 c5 7. d5 e6 8. Be2 exd5 9. cxd5 Re8 10. e5 dxe5 11. fxe5 Ng4 12. e6 fxe6 13. d6 Nc6 14. O-O Bd7 15. Kh1 Nd4 16. Nxd4 cxd4 17. Bxg4 dxc3 18. bxc3 Bxc3 19. Bh6 Qh4 20. Rc1 Rac8 21. Bf4 Bg7 22. Rc7 Qd8 23. Qb3 Rxc7 24. dxc7 Qc8 25. Bf3 b6 26. h4 Kh8 27. h5 e5 28. h6 exf4 29. hxg7+ Kxg7 30. Qc3+ Kh6 31. Kh2 Bf5 32. Qc4 Kg5 33. Rd1 Re7 34. Rc1 h5 35. a4 h4 36. a5 bxa5 37. Qc5 Rd7 38. Qxa5 a6 39. Qb6 h3 40. Bb7 1-0